000 00622nam a2200241Ia 4500
003 OSt
005 20220924121630.0
006 a|||||r|||| 00| 0
007 ta
008 220923b |||||||| |||| 00| 0 hin d
024 _a44698
037 _cTextual
040 _aARTS
_cARTS
_bhin
041 _2hin
_ahin
082 _aO15,lF75:g, 152M6
100 _aSarma V
_9186696
245 0 _aMahakavi Sri Harsa
260 _aKanpur
_bGrantham
_c1986
300 _a179p.
_ccm.
650 _aSANSKRIT LITERATURE
942 _hO15,lF75:g, 152M6
_cTEXL
_2CC
999 _c408349
_d408349